[Event "NJSK 2018 Jeugd A"]
[Site "Assen, Netherlands"]
[Date "2018.04.30"]
[Round "2.9"]
[White "Gijsen, William"]
[Black "Bekedam, Tyro"]
[Result "0-1"]
[WhiteElo "1825"]
[BlackElo "1955"]
[PlyCount "58"]
[EventDate "2018.??.??"]

1. e4 c5 2. Nc3 Nc6 3. f4 g6 4. Nf3 Bg7 5. Bc4 e6 6. O-O Nge7 7. d3 O-O 8. Qe1
b6 9. Qh4 Nd4 10. Bb3 d5 11. Nd1 dxe4 12. dxe4 Nxf3+ 13. gxf3 Ba6 14. c4 Nc6
15. Qh3 Qd3 16. Nf2 Qe2 17. Ng4 Bxc4 18. Bxc4 Qxc4 19. f5 exf5 20. exf5 gxf5
21. Nh6+ Kh8 22. Kh1 Ne5 23. Bd2 Nd3 24. Qxf5 Rad8 25. Bg5 f6 26. Be3 Qd5 27.
Qh3 f5 28. Rad1 Qe6 29. Bg5 Nf2+ 0-1

[Event "NJSK 2018 Meisjes AB"]
[Site "Assen, Netherlands"]
[Date "2018.05.05"]
[Round "7.5"]
[White "Heskes, Ebba"]
[Black "Waardenburg, Feline"]
[Result "0-1"]
[WhiteElo "1266"]
[BlackElo "1737"]
[PlyCount "142"]
[EventDate "2018.??.??"]

1. e4 c6 2. Nc3 d5 3. exd5 cxd5 4. d4 Bf5 5. Nf3 e6 6. Bb5+ Nc6 7. Ne5 Rc8 8.
O-O Bd6 9. Nf3 Nge7 10. a3 O-O 11. Re1 a6 12. Bd3 b5 13. Bg5 Qc7 14. Bxe7 Nxe7
15. Ne5 Bg6 16. Bxg6 hxg6 17. Re3 Nf5 18. Rh3 Bxe5 19. dxe5 Qxe5 20. Qd2 Rc4
21. Qg5 Qf6 22. Qxf6 gxf6 23. Rf3 Nd4 24. Rxf6 Nxc2 25. Rd1 Rfc8 26. h3 Kg7 27.
Rf3 Nd4 28. Rfd3 Nf5 29. R3d2 R8c6 30. g3 d4 31. Ne2 e5 32. b3 Rc2 33. Rxc2
Rxc2 34. Nc1 e4 35. g4 Nh4 36. Kf1 Nf3 37. Kg2 f5 38. gxf5 gxf5 39. b4 Ne5 40.
Kf1 d3 41. Nb3 Kf6 42. h4 f4 43. Nc5 Kf5 44. h5 d2 45. Nb3 Rc3 46. Nxd2 Rxa3
47. Re1 e3 48. fxe3 fxe3 49. Nb1 Rb3 50. Ke2 Nd3 51. Rh1 Nf4+ 52. Kf3 Kg5 53.
h6 Ng6 54. h7 Nh8 55. Kg3 Rxb4 56. Nc3 Rb3 57. Ne2 a5 58. Kf3 a4 59. Nd4 Rb2
60. Kxe3 a3 61. Kd3 a2 62. Nc2 Rb1 63. Rh2 Rb2 64. Rh1 Rb1 65. Rh2 b4 66. Rg2+
Kh6 67. Rh2+ Kg7 68. Rg2+ Kxh7 69. Rh2+ Kg7 70. Na1 Rxa1 71. Rb2 Rd1+ 0-1